Milníky civilizace

Gespeichert in:
Bibliographische Detailangaben
1. Verfasser: Blandfordová, Linda
Weitere Verfasser: Davidson, Peter
Format: Buch
Sprache:Tschechisch
Veröffentlicht: Praha Mladá fronta 2010
Ausgabe:1. vyd.
Schlagworte:
Tags: Tag hinzufügen
Keine Tags, Fügen Sie das erste Tag hinzu!

MARC

LEADER 00000nam a2200000 4500
001 0205557
005 20230109114701.3
020 |a 978-80-204-2110-4 
041 0 |a cze 
044 |a CZ 
245 1 0 |a Milníky civilizace  |c Linda Blandfordová, Peter Davidson 
250 |a 1. vyd. 
264 1 |a Praha  |b Mladá fronta  |c 2010 
300 |a 192 s. 
610 2 0 |a civilizácia 
610 2 0 |a štýl životný 
610 2 0 |a história 
100 1 |a Blandfordová, Linda 
700 1 |a Davidson, Peter